Alquimia del deseo / (Record no. 141450)

MARC details
000 -LEADER
campo de control de longitud fija 00907nam a2200253 i 4500
001 - NÚMERO DE CONTROL
campo de control 141450
003 - IDENTIFICADOR DE NÚMERO DE CONTROL
campo de control ES-MaACL
005 - FECHA Y HORA DE LA ÚLTIMA TRANSACCIÓN
campo de control 20250907063111.0
007 - CAMPO FIJO DE DESCRIPCIÓN FÍSICA--INFORMACIÓN GENERAL
campo de control de longitud fija t|
008 - DATOS DE LONGITUD FIJA--INFORMACIÓN GENERAL
campo de control de longitud fija 070924s1987 sp ||||1| spa d
020 ## - NÚMERO INTERNACIONAL ESTÁNDAR DEL LIBRO
Número Internacional Estándar del Libro 84-404-0440-9
080 ## - NÚMERO DE LA CLASIFICACIÓN DECIMAL UNIVERSAL
Número de la Clasificación Decimal Universal 860-14"19"
100 1# - ENTRADA PRINCIPAL--NOMBRE DE PERSONA
Nombre de persona Villaverde Gil, Alfredo,
Fechas asociadas al nombre 1947-
9 (RLIN) 115185
245 10 - MENCIÓN DEL TÍTULO
Título Alquimia del deseo /
Mención de responsabilidad, etc. textos originales de Alfredo Villaverde Gil ; dibujos de José Luis Pastor Pradillo.
250 ## - MENCION DE EDICION
Mención de edición 2ª ed.
260 ## - PUBLICACIÓN, DISTRIBUCIÓN, ETC.
Lugar de publicación, distribución, etc. Madrid :
Nombre del editor, distribuidor, etc. Asociación Prometeo de Poesía,
Fecha de publicación, distribución, etc. [1987] (
Lugar de fabricación/manufactura Barcelona :
Fabricante Imp. Elzeviriana)
300 ## - DESCRIPCIÓN FÍSICA
Extensión 57 p. :
Otras características físicas il. ;
Dimensiones 46 cm.
490 1# - MENCIÓN DE SERIE
Mención de serie Colección verso y trazo ;
Designación de volumen o secuencia 1
500 ## - NOTA GENERAL
Nota general Ejempl. nº 166 de una tirada de 250 firmados por los autores.
700 1# - ENTRADA AGREGADA--NOMBRE PERSONAL
Nombre de persona Pastor Pradillo, José Luis
9 (RLIN) 89519
830 0# - PUNTO DE ACCESO ADICIONAL DE SERIE-TÍTULO UNIFORME
Título uniforme Colección verso y trazo ;
Designación de volumen o secuencia 1
9 (RLIN) 220414
852 ## - LOCALIZACIÓN
Ubicación ES-MaACL
Número de control de estantería B-8395
Holdings
Estatus retirado Estado de pérdida Estado de daño No para préstamo Biblioteca de origen Biblioteca actual Ubicación en estantería Fecha de adquisición Fuente de adquisición Total de préstamos Signatura topográfica completa Código de barras Visto por última vez Precio de reemplazo Tipo de ítem Koha
        Biblioteca del Ateneo de Madrid Biblioteca del Ateneo de Madrid Sala Pardo Bazán 17/01/2008     B-8395 1147183 23/02/2023 23/02/2023 Libro impreso